00431nam a2200157Ia 450000500170000000800410001702000150005805000270007310000240010024500650012426000300018930000330021944000060025252100070025852600080026520140402105547.0140130s9999 xx 000 0 und d a043922330x aE 302.6.F8 b.G46 2000 aGiblin, James Cross cJames Cross Giblin.aThe amazing life of Benjamin Franklin / bScholastic,c2000.aUSA : a48 p. :bcol. ill. ;c25 cm. v1 aG7 c880